Statistiques concernant Inazuma Eleven Saison 2

Cliquez ici pour prendre le quiz!

Statistiques générales

  • Ce quiz a été pris 1 074 fois
  • Le résultat moyen est 12 sur 14

Statistiques - réponses

RôleNuméroRéponse% Correct
Gardien1Mark
99%
Attaquant10Axel
98%
Défenseur/Attaquant9Shawn
97%
Défenseur3Jack
96%
Défenseur/Gardien5/1Darren
93%
Milieu14Jude
93%
Défenseur6Scotty
89%
Mileu16Erik
85%
Attaquante7Sue
85%
Défenseur13Bobby
84%
Défenseur4Hurley
84%
Mileu8Tori
84%
Attaquant/Milieu11Byron
58%
Attaquant12Willy
58%

Distribution des résultats

Percentile par nombre de réponses

% des personnes avec chaque résultat

Votre développement - résultats

Vous n’avez pas pris ce quiz